|
|
|
|
| LEADER |
00930cam a2200241 7i4500 |
| 001 |
0000077318 |
| 005 |
20230417090000.0 |
| 020 |
|
|
|a 9783031230547 (electronic book)
|
| 090 |
0 |
0 |
|a HM851
|b A85 2023
|
| 100 |
1 |
|
|a Aslaksen, Erik W
|
| 245 |
1 |
4 |
|a The evolution of society :
|b an information-processing perspective
|c Erik W. Aslaksen.
|
| 264 |
|
|
|a Cham, Switzerland:
|b Springer,
|c 2023.
|
| 300 |
|
|
|a 1 online resource (434 pages):
|b illustrations (black and white, and colour), text file, PDF.
|
| 336 |
|
|
|a text
|2 rdacontent
|
| 337 |
|
|
|a computer
|2 rdamedia
|
| 338 |
|
|
|a online resource
|2 rdacarrier
|
| 650 |
|
0 |
|a Knowledge, Sociology of
|
| 650 |
|
0 |
|a Social evolution
|
| 650 |
|
0 |
|a Information society
|
| 655 |
|
0 |
|a Electronic books
|
| 856 |
4 |
2 |
|u http://library.unisel.edu.my/web/guest/mylibrary
|
| 997 |
|
|
|a Education & Social Sciences, Faculty
|b Social Sciences, Department
|
| 999 |
|
|
|a EBO0019969
|b EBOOK
|c EBOOK
|e Electronic resources
|